| 000 -LEADER | |
|---|---|
| fixed length control field | 00430nam a22001697a 4500 |
| 005 - DATE AND TIME OF LATEST TRANSACTION | |
| control field | 20180808150946.0 |
| 008 - FIXED-LENGTH DATA ELEMENTS--GENERAL INFORMATION | |
| fixed length control field | 160630b xxu||||| |||| 00| 0 eng d |
| 020 ## - INTERNATIONAL STANDARD BOOK NUMBER | |
| ISBN | 81-219-0868-X |
| 041 ## - LANGUAGE CODE | |
| Language code of text/sound track or separate title | eng |
| 082 ## - DEWEY DECIMAL CLASSIFICATION NUMBER | |
| Item number | 19769 |
| 100 ## - MAIN ENTRY--AUTHOR NAME | |
| Personal name | KHURMI, R S ANF GUPTA, J.K. |
| 245 ## - TITLE STATEMENT | |
| Title | Workshop Technology |
| 260 ## - PUBLICATION, DISTRIBUTION, ETC. (IMPRINT) | |
| Place of publication | New Delhi |
| Name of publisher | Sultan Chand & Sons, |
| Year of publication | 2014 |
| 300 ## - PHYSICAL DESCRIPTION | |
| Number of Pages | 542p, |
| 650 ## - SUBJECT ADDED ENTRY--TOPICAL TERM | |
| Topical Term | Diploma Engineering |
| 942 ## - ADDED ENTRY ELEMENTS (KOHA) | |
| Koha item type | Books |
| Lost status | Damaged status | Home library | Current library | Shelving location | Date acquired | Cost, normal purchase price | Full call number | Accession Number | Koha item type | Collection code |
|---|---|---|---|---|---|---|---|---|---|---|
| JRU Library | SHELF-45-M | 30/06/2016 | 325.00 | 621.75 | 19769 | Books | ||||
| JRU Library | SHELF-45-M | 30/06/2016 | 325.00 | 19769 | 19770 | Books | ||||
| JRU Library | 30/06/2016 | 325.00 | 19769 | 19771 | Books | |||||
| JRU Library | SHELF-52-D | 30/06/2016 | 325.00 | 621.75 | 19772 | Books | Reference | |||
| JRU Library | SHELF-45-M | 30/06/2016 | 325.00 | 19769 | 19773 | Books | ||||
| JRU Library | SHELF-45-M | 30/06/2016 | 325.00 | 19769 | 19774 | Books | ||||
| JRU Library | SHELF-45-M | 30/06/2016 | 325.00 | 19769 | 19775 | Books | ||||
| JRU Library | SHELF-45-M | 30/06/2016 | 325.00 | 19769 | 19776 | Books | ||||
| JRU Library | SHELF-45-M | 30/06/2016 | 325.00 | 19769 | 19777 | Books | ||||
| JRU Library | SHELF-45-M | 30/06/2016 | 325.00 | 19769 | 19778 | Books |